Sports Quiz

Random Sports Quiz

Real Madrid CF first team squad Quiz Stats

Quiz not verified by Sporcle

Challenge
Share
Tweet
Embed
Score 0/24 Timer 12:00
0 Plays Today
Squad number Player % Correct
5Raphaël Varane
100%
7Cristiano Ronaldo
98.5%
4Sergio Ramos
97.8%
1Keylor Navas
97.1%
9Karim Benzema
95.6%
12Marcelo
94.9%
8Toni Kroos
94.2%
2Dani Carvajal
93.4%
3Jesús Vallejo
93.4%
11Gareth Bale
93.4%
22Isco
89.8%
6Nacho
89.1%
Squad number Player % Correct
13Kiko Casilla
86.1%
19Achraf Hakimi
83.2%
17Lucas Vázquez
82.5%
10Luka Modrić
80.3%
20Marco Asensio
78.1%
23Mateo Kovačić
78.1%
15Theo Hernández
73.7%
14Casemiro
67.9%
30Luca Zidane
66.7%
21Borja Mayoral
65.2%
18Marcos Llorente
47.4%
24Dani Ceballos
38.7%

You're not logged in!

Compare scores with friends on all Sporcle quizzes.
Join for Free
OR
Log In

You Might Also Like...

Show Comments

Extras

Top Quizzes Today


Score Distribution

Your Account Isn't Verified!

In order to create a playlist on Sporcle, you need to verify the email address you used during registration. Go to your Sporcle Settings to finish the process.

Report this User

Report this user for behavior that violates our Community Guidelines.

Details: